Capacitación cívica y electoral
Сохранить в:
| Формат: | |
|---|---|
| Язык: | испанский |
| Опубликовано: |
San José
Centro de Asesoría y Promoción Electoral
1999
|
| Серии: | Cuadernos de Capel, 44
|
| Предметы: | |
| Метки: |
Добавить метку
Нет меток, Требуется 1-ая метка записи!
|
MARC
| LEADER | 00000nam a2200000 a 4500 | ||
|---|---|---|---|
| 001 | UCO3283 | ||
| 003 | CL-VaPUC | ||
| 008 | 000720e19990000CR |||||||||||||||||spa|d | ||
| 082 | 0 | 4 | |a 324.63 |b CAP |2 21 |
| 245 | 1 | 0 | |a Capacitación cívica y electoral |
| 300 | |a 197 p | ||
| 942 | |c BK | ||
| 945 | |d 20000720 00:00:00 |a vberengu | ||
| 260 | |a San José |b Centro de Asesoría y Promoción Electoral |c 1999 | ||
| 650 | 7 | |a DERECHOS POLITICOS |2 CL-VaPUC |9 314666 | |
| 650 | 0 | |a Educación cívica |9 314665 | |
| 650 | 0 | |a Sistemas electorales |9 326307 | |
| 583 | |a last modification |c 20000720 00:00:00 |k Rodrigo Vera | ||
| 490 | 0 | |a Cuadernos de Capel, 44 | |
| 999 | |c 289750 |d 289748 | ||
| 952 | |0 0 |1 0 |4 0 |6 324_630000000000000_CAP_1999 |7 0 |8 A |9 338397 |a BIBDER |b BIBDER |d 2019-11-20 |i 359999K |o 324.63 CAP 1999 |p 359999K |r 2023-01-25 |w 2019-11-20 |y BK |k DER | ||